Spořitelní obzor orgán spořitelen Čsl.
Uložené v:
| Médium: | Seriál |
|---|---|
| Jazyk: | Czech |
| Vydavateľské údaje: |
Praha
Spolek spořitelen Čsl.
1919
|
| Tagy: |
Žiadne tagy, Buďte prvý, kto otaguje tento záznam!
|
MARC
| LEADER | 00000nas2a2200000$$$4500 | ||
|---|---|---|---|
| 001 | 0020897 | ||
| 005 | 20250730114409.5 | ||
| 041 | 0 | |a cze | |
| 044 | |a CZ | ||
| 245 | 1 | 0 | |a Spořitelní obzor |b orgán spořitelen Čsl. |
| 264 | 1 | |a Praha |b Spolek spořitelen Čsl. |c 1919 | |
| 300 | |a 1 zv. | ||
| 773 | 0 | |w eu_un_cat*0020896 | |